000 00353nam a2200157Ia 4500
003 OSt
005 20240219113125.0
008 170524s9999 xx 000 0 und d
020 _a978-0074637364
040 _cIIMT UNIVERSITY MEERUT
100 _aMillman
245 0 _aMicroelectronics
260 _bTMH New Delhi
260 _c2007
942 _2ddc
_c02
999 _c4849
_d4849